|
|
|
|
| LEADER |
01167nam a2200265 a 4500 |
| 001 |
1180585 |
| 008 |
090712s1997 nyu 000 0 eng d |
| 010 |
|
|
|a 97019595
|
| 020 |
|
|
|a 0099731010
|
| 040 |
|
|
|a DLC
|c DLC
|d DLC
|
| 082 |
0 |
0 |
|a 820.8/0954
|2 21
|
| 130 |
0 |
|
|a Vintage book of Indian writing, 1947-1997.
|
| 245 |
1 |
0 |
|a The vintage book of Indian Writing 1947-1997 /
|c edited by Salman Rushdie and Elizabeth West.
|
| 260 |
|
|
|a New York :
|b H. Holt & Co., ;
|a London :
|b Vintage ;
|c 1997.
|
| 300 |
|
|
|a xxiii, 578 p. ;
|c 22 cm.
|
| 541 |
1 |
|
|e 00013801
|
| 650 |
|
0 |
|a Indic literature (English)
|y 20th century.
|
| 651 |
|
0 |
|a India
|x Literary collections.
|
| 700 |
1 |
|
|a Rushdie, Salman.
|
| 700 |
1 |
|
|a West, Elizabeth
|q (Elizabeth J.)
|
| 852 |
4 |
|
|a Ayesha Abed Library
|j General shelf
|
| 942 |
0 |
0 |
|0 1
|
| 999 |
|
|
|c 2295
|d 2295
|
| 952 |
|
|
|0 0
|1 0
|2 ddc
|4 0
|6 820_809540000000000_VIN_1997
|7 0
|9 2119
|a BRACUL
|b BRACUL
|c GEN
|d 2009-07-12
|g 1166.00
|l 1
|m 1
|o 820.80954 VIN
|p 3010013801
|r 2019-12-18
|s 2019-12-11
|t 1
|w 2009-07-12
|y BK
|
| 952 |
|
|
|0 0
|1 0
|2 ddc
|4 0
|6 820_809540000000000_VIN_1997
|7 0
|9 10235
|a BRACUL
|b BRACUL
|c GEN
|d 2010-05-17
|l 6
|m 9
|o 820.80954 VIN
|p 3010013739
|r 2022-10-10
|s 2022-09-04
|t 2
|w 2010-05-17
|y BK
|